01082nam a2200241 a 450000100100000000500170001000800410002702000180006804000250008608200160011110000510012724501080017826000530028630000270033949000100036659000260037670000410040283000170044395201290046095201140058995201200070399900170082300004692020201002053218.0180406s2015 dr a 000 0 spa d z9789945495925 aDO-SdBNPbspacBNPHU axxxxbV181a1 aValle Tineo de Hernández, María del97484610aAtención & Concentración 1 /cMaría del Valle Tineo de Hernández, Nathalie Feliú Domínguez. aSanto Domingo :bActualidad Escolar 2000,c2015. a96 p. :bil. ;c22 cm.1 aVeraz aInventariado, 2018/LP1 aFeliú Domínguez, Nathalie974847 0aVeraz974848 001054708DSaGRbGRcHDd2018-04-06iLF1l0oxxxx V181ap46920-30r2020-06-25te. 3w2020-06-25yLFDSZPréstamo en sala 0010718PDaPDbPDcHDd2018-04-06iLF1l0oxxxx V181ap46920-10r2020-06-25w2020-06-25yLFPDZNo se presta 0010718PDaPDbPDcHDd2018-04-06iLF1l0oxxxx V181ap46920-20r2020-06-25te. 2w2020-06-25yLFPDZNo se presta c46408d46408